书目信息 |
| 题名: |
道路交通安全技术
|
|
| 作者: | 吕松林 , 陈有仁 , 景云 编著 | |
| 分册: | ||
| 出版信息: | 银川 宁夏人民出版社 2006.06 |
|
| 页数: | 215页 | |
| 开本: | 21cm | |
| 丛书名: | ||
| 单 册: | ||
| 中图分类: | U491 | |
| 科图分类: | ||
| 主题词: | 道路--dao lu--交通运输安全 | |
| 电子资源: | ||
| ISBN: | 7-227-03190-X | |
| 000 | 00890nam0 2200253 450 | |
| 001 | 012007347875 | |
| 005 | 20071010104427.14 | |
| 010 | @a7-227-03190-X@dCNY12.00 | |
| 100 | @a20070605d2006 km y0chiy0120 ea | |
| 101 | 0 | @achi |
| 102 | @aCN@b630000 | |
| 105 | @ay z 000yy | |
| 200 | 1 | @a道路交通安全技术@Adao lu jiao tong an quan ji shu@f景云 ... [等] 编著@Fjing yun...[deng]bian zhu |
| 210 | @a银川@c宁夏人民出版社@d2006.06 | |
| 215 | @a215页@d21cm | |
| 304 | @a编著者还有 : 吕松林, 陈有仁, 燕世文, 王刚, 王德勇 | |
| 330 | @a本书综合考虑协调人、车、路三者之间的相互关系,内容包括风险因素分析、主动性安全技术、被动性安全技术、行车事故控制技术四部分。 | |
| 606 | 0 | @a道路@Adao lu@x交通运输安全 |
| 690 | @aU491@v4 | |
| 701 | 0 | @a吕松林@Alu song lin@4编著 |
| 701 | 0 | @a陈有仁@Achen you ren@4编著 |
| 701 | 0 | @a景云@Ajing yun@4编著 |
| 801 | 0 | @aCN@c20071010 |
| 905 | @dU491@eJ901 | |
| 道路交通安全技术/景云 ... [等] 编著.-银川:宁夏人民出版社,2006.06 |
| 215页;21cm |
| ISBN 7-227-03190-X:CNY12.00 |
| 本书综合考虑协调人、车、路三者之间的相互关系,内容包括风险因素分析、主动性安全技术、被动性安全技术、行车事故控制技术四部分。 |
| ● |
| 相关链接 |
|
|
|
正题名:道路交通安全技术
索取号:U491/J901
 
预约/预借
| 序号 | 登录号 | 条形码 | 馆藏地/架位号 | 状态 | 备注 |
| 1 | 243537 | 202435374 | 自科库501/501自科库 88排2列2层/ [索取号:U491/J901] | 在馆 | |
| 2 | 243538 | 202435383 | 自科库501/501自科库 88排2列2层/ [索取号:U491/J901] | 在馆 | |
| 3 | 243539 | 202435392 | 自科库501/501自科库 88排2列2层/ [索取号:U491/J901] | 在馆 |